[Event "Madrid ch Veteranos 2324"]
[Site "Madrid ESP"]
[Date "2024.03.20"]
[Round "8.26"]
[White "Gimenez Buiza, Fernando"]
[Black "Rodriguez Rodriguez, Ricardo"]
[Result "0-1"]
[WhiteElo "1824"]
[BlackElo "1786"]
[PlyCount "110"]
[EventDate "2024.03.11"]
[EventType "swiss"]
[EventRounds "9"]
[EventCountry "ESP"]
[SourceTitle "Ajedrez en Madrid"]
[Source "lmi"]
[SourceDate "2024.03.11"]
[SourceVersion "1"]
[SourceVersionDate "2024.03.23"]
[SourceQuality "1"]

1. d4 f5 2. Qd3 d6 3. g4 fxg4 4. h3 Nf6 5. hxg4 g6 6. f3 b6 7. Nh3 Ba6 8. Qb3
Qd7 9. Nf4 Bg7 10. Ne6 Bf8 11. d5 Kf7 12. Bh6 Bxh6 13. Rxh6 c6 14. Ng5+ Kg7 15.
Ne6+ Kf7 16. c4 cxd5 17. cxd5 Rc8 18. Nd2 Kg8 19. Ne4 Bc4 20. Nxf6+ exf6 21.
Qc3 Bxd5 22. Nf8 Kxf8 23. Qxf6+ Kg8 24. Rd1 Be6 25. f4 Nc6 26. f5 gxf5 27.
Qxe6+ Qxe6 28. Rxe6 fxg4 29. Bg2 Rab8 30. Rexd6 Ne5 31. Be4 Kg7 32. Kf2 Re8 33.
Kg3 Nf7 34. R6d4 h5 35. Rh1 Kh6 36. Bd3 Kg5 37. Rd7 h4+ 38. Kf2 g3+ 39. Kg2 Ne5
40. Rg7+ Kf6 41. Rxa7 Nxd3 42. exd3 Rh8 43. Ra4 Kg5 44. Rb4 b5 45. Re4 Rbe8 46.
Kh3 Rxe4 47. dxe4 Kf4 48. Re1 Kf3 49. e5 Kf2 50. Rc1 Rg8 51. Rc2+ Kf3 52. e6 g2
53. Rc3+ Kf2 54. Rc2+ Kf3 55. Rc3+ Kf4 0-1

[Event "Madrid ch Veteranos 2324"]
[Site "Madrid ESP"]
[Date "2024.03.20"]
[Round "8.27"]
[White "Vasquez Escobar, Andres Eloy"]
[Black "Prada Lopez, Miguel Angel"]
[Result "0-1"]
[WhiteElo "1626"]
[BlackElo "2048"]
[PlyCount "120"]
[EventDate "2024.03.11"]
[EventType "swiss"]
[EventRounds "9"]
[EventCountry "ESP"]
[SourceTitle "Ajedrez en Madrid"]
[Source "lmi"]
[SourceDate "2024.03.11"]
[SourceVersion "1"]
[SourceVersionDate "2024.03.23"]
[SourceQuality "1"]

1. d4 e6 2. c4 Nf6 3. Nc3 Bb4 4. Qc2 c5 5. Nf3 Nc6 6. e3 O-O 7. a3 cxd4 8. Nxd4
Be7 9. Be2 d5 10. cxd5 Nxd4 11. exd4 Nxd5 12. O-O Bf6 13. Rd1 Bd7 14. Nxd5 exd5
15. Bf3 Bc6 16. Be3 Qd7 17. Rac1 a5 18. Qd2 a4 19. h3 Qd8 20. Rc3 Qb6 21. Bg4
Ra5 22. Bf4 Rb5 23. Rc2 Rb3 24. Bd6 Re8 25. Bc5 Qd8 26. Re1 Bb5 27. Rxe8+ Qxe8
28. Rc3 Bc4 29. Rxb3 axb3 30. Qe3 Qd8 31. Bb6 Qf8 32. Bd1 Qe7 33. Qc3 Qe6 34.
Bc5 b6 35. Bb4 Qe4 36. Bxb3 Bxd4 37. Qc2 Qxc2 38. Bxc2 Bxb2 39. Bd1 g6 40. g3
Kg7 41. Kg2 Kf6 42. Kf3 Ke5 43. Bf8 d4 44. g4 Bc1 45. Bg7+ Kd5 46. Bf8 d3 47.
Bb4 Kd4 48. h4 Bd5+ 49. Kg3 d2 50. Kf4 f6 51. f3 Kd3 52. h5 Ba2 53. g5 f5 54.
hxg6 hxg6 55. Kg3 Bb2 56. Kf2 Bd4+ 57. Kg3 Bb1 58. f4 Bc2 59. Bxd2 Bxd1 60. Bb4
Bc5 0-1

[Event "Madrid ch Veteranos 2324"]
[Site "Madrid ESP"]
[Date "2024.03.20"]
[Round "8.28"]
[White "Vukotic Jovsic, Dragan"]
[Black "Montero Montero, Juan Jose"]
[Result "1-0"]
[WhiteElo "1882"]
[BlackElo "1779"]
[PlyCount "75"]
[EventDate "2024.03.11"]
[EventType "swiss"]
[EventRounds "9"]
[EventCountry "ESP"]
[SourceTitle "Ajedrez en Madrid"]
[Source "lmi"]
[SourceDate "2024.03.11"]
[SourceVersion "1"]
[SourceVersionDate "2024.03.23"]
[SourceQuality "1"]

1. d4 Nf6 2. Nf3 g6 3. Bf4 Bg7 4. e3 O-O 5. Be2 d6 6. c4 c5 7. Nc3 cxd4 8. exd4
Qb6 9. Qd2 Nc6 10. O-O a6 11. h3 Bf5 12. g4 Bc8 13. d5 Nb8 14. Be3 Qd8 15. Bh6
Nfd7 16. b4 a5 17. Bxg7 Kxg7 18. Qd4+ f6 19. a3 axb4 20. axb4 Rxa1 21. Rxa1 Na6
22. Rb1 Ne5 23. c5 dxc5 24. bxc5 Nxf3+ 25. Bxf3 Qa5 26. Rb5 Qa1+ 27. Kg2 Nc7
28. Rb1 Qa3 29. g5 Rd8 30. gxf6+ exf6 31. Re1 Re8 32. Rxe8 Nxe8 33. d6 Bd7 34.
Bxb7 Qc1 35. Ne4 Qa3 36. Ng3 Qa7 37. Qd5 Qa3 38. Bc6 1-0

[Event "Madrid ch Veteranos 2324"]
[Site "Madrid ESP"]
[Date "2024.03.20"]
[Round "8.29"]
[White "Martin-Consuegra Barrilero, Javi"]
[Black "Ubillus Carrasco, Javier"]
[Result "0-1"]
[WhiteElo "1825"]
[BlackElo "1879"]
[PlyCount "120"]
[EventDate "2024.03.11"]
[EventType "swiss"]
[EventRounds "9"]
[EventCountry "ESP"]
[SourceTitle "Ajedrez en Madrid"]
[Source "lmi"]
[SourceDate "2024.03.11"]
[SourceVersion "1"]
[SourceVersionDate "2024.03.23"]
[SourceQuality "1"]

1. d4 d5 2. Bf4 c6 3. c3 Bf5 4. Nd2 e6 5. Qb3 b6 6. Ngf3 Bd6 7. Bg3 Ne7 8. e3
O-O 9. Be2 c5 10. c4 Nbc6 11. cxd5 exd5 12. O-O c4 13. Qc3 b5 14. Bxd6 Qxd6 15.
a3 a5 16. Nh4 Be6 17. g3 b4 18. Qc2 Rac8 19. Ndf3 h6 20. Rfc1 g5 21. Ng2 Bf5
22. Qd2 Ng6 23. Bd1 b3 24. Rc3 a4 25. Nfe1 Rc7 26. Be2 Rfc8 27. Qd1 Na7 28. Bg4
Qe6 29. Bxf5 Qxf5 30. Qd2 Nb5 31. Rac1 Nxc3 32. Qxc3 Qd7 33. Nf3 f6 34. Re1 Qg4
35. Nd2 Re8 36. Nb1 h5 37. Qd2 h4 38. Qd1 Qh3 39. Qf3 Qe6 40. Nc3 h3 41. Nxd5
Rc6 42. Nb4 Rd6 43. Rc1 hxg2 44. Qxg2 Rc8 45. Rc3 Ne7 46. h4 Nd5 47. Nxd5 Qxd5
48. hxg5 fxg5 49. Qxd5+ Rxd5 50. f3 Kf7 51. Kg2 Kf6 52. g4 Rd7 53. Kg3 Ke6 54.
f4 gxf4+ 55. Kxf4 Rf7+ 56. Ke4 Rf2 57. d5+ Kd6 58. Kd4 Rxb2 59. e4 Rd2+ 60. Ke3
b2 0-1

[Event "Madrid ch Veteranos 2324"]
[Site "Madrid ESP"]
[Date "2024.03.20"]
[Round "8.30"]
[White "Camarero Izquierdo, Juan Carlos"]
[Black "Jimenez Ascarza, Jose Ignacio"]
[Result "0-1"]
[WhiteElo "1813"]
[BlackElo "1755"]
[PlyCount "96"]
[EventDate "2024.03.11"]
[EventType "swiss"]
[EventRounds "9"]
[EventCountry "ESP"]
[SourceTitle "Ajedrez en Madrid"]
[Source "lmi"]
[SourceDate "2024.03.11"]
[SourceVersion "1"]
[SourceVersionDate "2024.03.23"]
[SourceQuality "1"]

1. e4 c5 2. Nf3 e6 3. d4 cxd4 4. Nxd4 Nc6 5. Nxc6 bxc6 6. Bd3 Bc5 7. O-O Ne7 8.
Kh1 d5 9. e5 Ng6 10. f4 O-O 11. Nd2 a5 12. Nf3 Ba6 13. Bxa6 Rxa6 14. Ng5 h6 15.
Qd3 Ra7 16. Nxe6 fxe6 17. Qxg6 Qe7 18. f5 exf5 19. Bxh6 Qxe5 20. Bf4 Qf6 21.
Qg3 Re8 22. c3 Rb7 23. Rae1 Rxe1 24. Rxe1 Re7 25. Be5 Qe6 26. Qh4 Bd6 27. Bg3
Bxg3 28. Qxe7 Qxe1+ 29. Qxe1 Bxe1 30. Kg1 Bd2 31. Kf2 Bc1 32. b3 Bd2 33. c4 Kf7
34. Ke2 Bf4 35. g3 Bd6 36. Kd3 Bc5 37. h3 Ke6 38. cxd5+ cxd5 39. Ke2 Ke5 40.
Kf3 d4 41. h4 g6 42. g4 fxg4+ 43. Kxg4 d3 44. Kf3 d2 45. Ke2 Be3 46. a3 Kf5 47.
b4 axb4 48. axb4 Kg4 0-1

[Event "Madrid ch Veteranos 2324"]
[Site "Madrid ESP"]
[Date "2024.03.20"]
[Round "8.31"]
[White "Marcos Herrero, Francisco"]
[Black "Benito Mellado, Humberto"]
[Result "1-0"]
[WhiteElo "1879"]
[BlackElo "1612"]
[PlyCount "59"]
[EventDate "2024.03.11"]
[EventType "swiss"]
[EventRounds "9"]
[EventCountry "ESP"]
[SourceTitle "Ajedrez en Madrid"]
[Source "lmi"]
[SourceDate "2024.03.11"]
[SourceVersion "1"]
[SourceVersionDate "2024.03.23"]
[SourceQuality "1"]

1. c4 c5 2. Nc3 Nc6 3. g3 g6 4. Bg2 Bg7 5. Nf3 Nf6 6. O-O O-O 7. d4 cxd4 8.
Nxd4 e5 9. Ndb5 Ne8 10. Be3 a6 11. Nd6 Nxd6 12. Qxd6 f5 13. Rfd1 Rf6 14. Qd5+
Kh8 15. Bg5 Nb4 16. Qd2 e4 17. a3 Nc6 18. Nd5 Ne5 19. Bxf6 Bxf6 20. Nxf6 Qxf6
21. Qd4 a5 22. f4 exf3 23. exf3 Ra6 24. f4 Ng4 25. c5 Qxd4+ 26. Rxd4 Nf6 27.
Rad1 Re6 28. Rd6 Ne8 29. Rxe6 dxe6 30. Rd8 1-0

[Event "Madrid ch Veteranos 2324"]
[Site "Madrid ESP"]
[Date "2024.03.20"]
[Round "8.33"]
[White "Hortelano Hap, Ramon"]
[Black "Arjona Anchoriz, Ignacio"]
[Result "1/2-1/2"]
[WhiteElo "1680"]
[BlackElo "1606"]
[PlyCount "57"]
[EventDate "2024.03.11"]
[EventType "swiss"]
[EventRounds "9"]
[EventCountry "ESP"]
[SourceTitle "Ajedrez en Madrid"]
[Source "lmi"]
[SourceDate "2024.03.11"]
[SourceVersion "1"]
[SourceVersionDate "2024.03.23"]
[SourceQuality "1"]

1. c4 e6 2. g3 c6 3. Bg2 d5 4. cxd5 cxd5 5. Nf3 Nc6 6. O-O Nf6 7. d3 Be7 8. Nc3
d4 9. Nb5 a6 10. Qa4 Bc5 11. Nbxd4 Bd7 12. Nxc6 Bxc6 13. Qc2 Be7 14. Bd2 Rc8
15. Bc3 O-O 16. Rac1 b5 17. a3 a5 18. Qd2 a4 19. Ba5 Qe8 20. Rc2 Nd7 21. Rfc1
Nb8 22. Nd4 Bd7 23. Rxc8 Bxc8 24. Nc6 Nxc6 25. Bxc6 Bd7 26. Bxd7 Qxd7 27. Rc7
Qe8 28. Rxe7 Qxe7 29. Bb4 1/2-1/2

[Event "Madrid ch Veteranos 2324"]
[Site "Madrid ESP"]
[Date "2024.03.20"]
[Round "8.35"]
[White "Conchillo Roman, Jose Ignacio"]
[Black "Nevado Munoz, Rafael"]
[Result "0-1"]
[WhiteElo "1718"]
[BlackElo "1710"]
[PlyCount "52"]
[EventDate "2024.03.11"]
[EventType "swiss"]
[EventRounds "9"]
[EventCountry "ESP"]
[SourceTitle "Ajedrez en Madrid"]
[Source "lmi"]
[SourceDate "2024.03.11"]
[SourceVersion "1"]
[SourceVersionDate "2024.03.23"]
[SourceQuality "1"]

1. e4 d6 2. d4 Nf6 3. Nc3 a6 4. h3 Nbd7 5. Nf3 b5 6. a3 Bb7 7. Bd3 e6 8. Bg5
Be7 9. Qd2 c5 10. e5 cxd4 11. exf6 gxf6 12. Ne4 fxg5 13. Nexg5 h6 14. Nxe6 fxe6
15. Bg6+ Kf8 16. Nxd4 Bd5 17. f4 Bh4+ 18. Kd1 Qf6 19. f5 Bg5 20. Qf2 e5 21. Nf3
Bxf3+ 22. Qxf3 Rd8 23. c3 Nb6 24. Kc2 d5 25. Rad1 Nc4 26. Kb1 Nd2+ 0-1

[Event "Madrid ch Veteranos 2324"]
[Site "Madrid ESP"]
[Date "2024.03.21"]
[Round "9.2"]
[White "Candela Perez, Jose"]
[Black "Barraza Caracuel, Ignacio"]
[Result "1-0"]
[WhiteElo "2301"]
[BlackElo "2049"]
[PlyCount "105"]
[EventDate "2024.03.11"]
[EventType "swiss"]
[EventRounds "9"]
[EventCountry "ESP"]
[SourceTitle "Ajedrez en Madrid"]
[Source "lmi"]
[SourceDate "2024.03.11"]
[SourceVersion "1"]
[SourceVersionDate "2024.03.23"]
[SourceQuality "1"]

1. d4 f5 2. Nf3 Nf6 3. g3 e6 4. Bg2 d5 5. c4 c6 6. O-O Bd6 7. b3 Qe7 8. Bb2 O-O
9. Ne5 b6 10. cxd5 cxd5 11. Nc4 Rd8 12. Nxd6 Qxd6 13. Ba3 Qd7 14. Nc3 Ba6 15.
f3 Nc6 16. Qd2 Rac8 17. Rfc1 Rc7 18. e3 Rdc8 19. Ne2 Nd8 20. Nf4 Rxc1+ 21. Rxc1
Rxc1+ 22. Qxc1 g5 23. Nh3 g4 24. Nf4 Kf7 25. Qc3 Nc6 26. Nd3 Bxd3 27. Qxd3 gxf3
28. Bxf3 Ne7 29. Qc3 Qc8 30. Qxc8 Nxc8 31. h3 Ke8 32. Bb4 Kd7 33. g4 fxg4 34.
hxg4 Nd6 35. Be1 Nfe4 36. Kg2 Ke7 37. Bh4+ Kd7 38. Be1 Ke7 39. Kf1 Kd7 40. Ke2
Ke7 41. Bg2 h6 42. Kf3 Kf7 43. Kf4 Kf6 44. Bb4 a5 45. Be1 Ng5 46. Bh4 b5 47.
Bf1 b4 48. Bd3 Ndf7 49. e4 dxe4 50. Bxe4 Nd6 51. Bc6 Nc8 52. Ke3 Ne7 53. Bb7
1-0

[Event "Madrid ch Veteranos 2324"]
[Site "Madrid ESP"]
[Date "2024.03.21"]
[Round "9.3"]
[White "Herrero Reques, Sergio"]
[Black "Grabuzova, Tatiana"]
[Result "0-1"]
[WhiteElo "2008"]
[BlackElo "2216"]
[PlyCount "76"]
[EventDate "2024.03.11"]
[EventType "swiss"]
[EventRounds "9"]
[EventCountry "ESP"]
[SourceTitle "Ajedrez en Madrid"]
[Source "lmi"]
[SourceDate "2024.03.11"]
[SourceVersion "1"]
[SourceVersionDate "2024.03.23"]
[SourceQuality "1"]

1. Nf3 d5 2. e3 c5 3. d4 e6 4. c4 cxd4 5. Nxd4 Nf6 6. Nc3 Be7 7. cxd5 exd5 8.
Bb5+ Bd7 9. Qa4 O-O 10. O-O a6 11. Bxd7 Nbxd7 12. Nf5 Bc5 13. b4 Nb6 14. Qb3
Bd6 15. b5 Be5 16. Ba3 Re8 17. Bc5 Bxc3 18. Qxc3 Na4 19. Qb4 Nxc5 20. Qxc5 Qd7
21. Nd4 Rec8 22. Qb6 axb5 23. Qxb5 Qxb5 24. Nxb5 Rc2 25. a3 Ne4 26. f3 Nc3 27.
Nxc3 Rxc3 28. Rfd1 Rxe3 29. Rxd5 h6 30. Rd7 Rb3 31. h3 Rb2 32. Rc1 Rxa3 33.
Rcc7 Raa2 34. Rxf7 Rxg2+ 35. Kf1 b5 36. Rb7 b4 37. Rf4 Rh2 38. Kg1 Rhc2 0-1

[Event "Madrid ch Veteranos 2324"]
[Site "Madrid ESP"]
[Date "2024.03.21"]
[Round "9.4"]
[White "Lopez de Turiso Sanchez, Jose An"]
[Black "Vazquez Gonzalez, Francisco"]
[Result "1/2-1/2"]
[WhiteElo "1940"]
[BlackElo "1918"]
[PlyCount "39"]
[EventDate "2024.03.11"]
[EventType "swiss"]
[EventRounds "9"]
[EventCountry "ESP"]
[SourceTitle "Ajedrez en Madrid"]
[Source "lmi"]
[SourceDate "2024.03.11"]
[SourceVersion "1"]
[SourceVersionDate "2024.03.23"]
[SourceQuality "1"]

1. e4 e5 2. Nf3 Nc6 3. Bc4 Nf6 4. d3 Bc5 5. Nc3 h6 6. Be3 Bxe3 7. fxe3 d6 8. h3
O-O 9. O-O Na5 10. Bb3 Nxb3 11. axb3 Re8 12. Qe1 a6 13. Qf2 Be6 14. Nh4 c6 15.
Nf5 Bxf5 16. Qxf5 Qd7 17. Qxd7 Nxd7 18. Rf3 Re6 19. Raf1 Rf6 20. Rf5 1/2-1/2

[Event "Madrid ch Veteranos 2324"]
[Site "Madrid ESP"]
[Date "2024.03.21"]
[Round "9.5"]
[White "Luque Ibanes, Manuel"]
[Black "Lorenzo Bailador, Alfredo"]
[Result "1-0"]
[WhiteElo "1983"]
[BlackElo "1935"]
[PlyCount "43"]
[EventDate "2024.03.11"]
[EventType "swiss"]
[EventRounds "9"]
[EventCountry "ESP"]
[SourceTitle "Ajedrez en Madrid"]
[Source "lmi"]
[SourceDate "2024.03.11"]
[SourceVersion "1"]
[SourceVersionDate "2024.03.23"]
[SourceQuality "1"]

1. Nf3 d5 2. g3 Bf5 3. Bg2 e6 4. O-O Nf6 5. d3 c6 6. Nbd2 Bc5 7. Qe1 O-O 8. e4
Bg6 9. Qe2 h6 10. b3 a5 11. a4 Na6 12. Bb2 Re8 13. Kh1 Nb4 14. Ne1 Qb6 15. e5
Nd7 16. c3 Na6 17. d4 Be7 18. f4 c5 19. g4 f5 20. c4 dxc4 21. Nxc4 Qxb3 22. Ra3
1-0

[Event "Madrid ch Veteranos 2324"]
[Site "Madrid ESP"]
[Date "2024.03.21"]
[Round "9.6"]
[White "Ramos Fernandez, Pedro"]
[Black "Garcia Martin, Esteban"]
[Result "0-1"]
[WhiteElo "1981"]
[BlackElo "1895"]
[PlyCount "76"]
[EventDate "2024.03.11"]
[EventType "swiss"]
[EventRounds "9"]
[EventCountry "ESP"]
[SourceTitle "Ajedrez en Madrid"]
[Source "lmi"]
[SourceDate "2024.03.11"]
[SourceVersion "1"]
[SourceVersionDate "2024.03.23"]
[SourceQuality "1"]

1. e4 c5 2. Nf3 d6 3. d4 cxd4 4. Nxd4 Nf6 5. Nc3 g6 6. Be3 Bg7 7. f3 a6 8. Bc4
Nbd7 9. Qd2 Ne5 10. Bb3 b5 11. O-O-O Bb7 12. g4 Rc8 13. h4 h5 14. g5 Nfd7 15.
f4 Nc4 16. Bxc4 Rxc4 17. Rhe1 Qa5 18. Kb1 b4 19. Nd5 Bxd5 20. Nb3 Qc7 21. exd5
O-O 22. Bd4 Nc5 23. Bxc5 dxc5 24. Qe3 Qxf4 25. Qxf4 Rxf4 26. Rxe7 Rd8 27. d6
Bf8 28. Ra7 Rxd6 29. Kc1 Rxd1+ 30. Kxd1 Rxh4 31. Nd2 Rh2 32. Ke1 c4 33. Ne4 Kg7
34. Nf6 Rh3 35. Ne8+ Kg8 36. Nf6+ Kg7 37. Ne8+ Kh8 38. Rxf7 Re3+ 0-1

[Event "Madrid ch Veteranos 2324"]
[Site "Madrid ESP"]
[Date "2024.03.21"]
[Round "9.7"]
[White "Pareja Vicente, Antonio"]
[Black "Unciti Juan, Javier"]
[Result "0-1"]
[WhiteElo "1869"]
[BlackElo "1959"]
[PlyCount "44"]
[EventDate "2024.03.11"]
[EventType "swiss"]
[EventRounds "9"]
[EventCountry "ESP"]
[SourceTitle "Ajedrez en Madrid"]
[Source "lmi"]
[SourceDate "2024.03.11"]
[SourceVersion "1"]
[SourceVersionDate "2024.03.23"]
[SourceQuality "1"]

1. e4 e6 2. d4 d5 3. Bd3 c5 4. dxc5 dxe4 5. Bb5+ Bd7 6. Bxd7+ Qxd7 7. Qxd7+
Nxd7 8. Nc3 Nxc5 9. Nb5 Na6 10. Be3 Rc8 11. c3 Nc5 12. O-O-O Nd3+ 13. Kc2 a6
14. Nd4 Bc5 15. Nh3 Ne7 16. Rhf1 e5 17. Nb3 Bxe3 18. fxe3 Nd5 19. Rxd3 Nb4+ 20.
Kb1 Nxd3 21. Ng5 Nc5 22. Nxf7 O-O 0-1

[Event "Madrid ch Veteranos 2324"]
[Site "Madrid ESP"]
[Date "2024.03.21"]
[Round "9.8"]
[White "Ruiz Quevedo, Andres"]
[Black "Pastor Alonso De Prado, Alberto"]
[Result "0-1"]
[WhiteElo "1865"]
[BlackElo "1951"]
[PlyCount "88"]
[EventDate "2024.03.11"]
[EventType "swiss"]
[EventRounds "9"]
[EventCountry "ESP"]
[SourceTitle "Ajedrez en Madrid"]
[Source "lmi"]
[SourceDate "2024.03.11"]
[SourceVersion "1"]
[SourceVersionDate "2024.03.23"]
[SourceQuality "1"]

1. c4 e6 2. g3 d5 3. Bg2 Nf6 4. Nf3 Be7 5. O-O O-O 6. d4 dxc4 7. Qc2 a6 8. Qxc4
b5 9. Qc2 Bb7 10. Bd2 Be4 11. Qc1 Nc6 12. Nc3 Nxd4 13. Nxd4 Bxg2 14. Nxe6 fxe6
15. Kxg2 c5 16. Qc2 Qc7 17. Rad1 Rad8 18. Bg5 h6 19. Bxh6 Qc6+ 20. f3 gxh6 21.
Qg6+ Kh8 22. Ne4 Ng8 23. h4 Rd5 24. g4 Qd7 25. Ng5 Bxg5 26. Rxd5 Qxd5 27. hxg5
Qxg5 28. Qxe6 Qf6 29. Qd5 c4 30. Rh1 Rd8 31. Qe4 Rd6 32. Rh5 Re6 33. Qc2 Re5
34. Rf5 Rxf5 35. gxf5 Qg5+ 36. Kf2 Nf6 37. a4 Nh5 38. Qc3+ Kg8 39. Qe5 Qd2 40.
Kg1 Qe1+ 41. Kg2 Qxe2+ 42. Kg1 Qxe5 43. Kg2 Nf4+ 44. Kh2 Qe2+ 0-1

[Event "Madrid ch Veteranos 2324"]
[Site "Madrid ESP"]
[Date "2024.03.21"]
[Round "9.9"]
[White "Sanchez Garcia, Aurelio"]
[Black "Lopez Heras, Arturo"]
[Result "1-0"]
[WhiteElo "1951"]
[BlackElo "1814"]
[PlyCount "95"]
[EventDate "2024.03.11"]
[EventType "swiss"]
[EventRounds "9"]
[EventCountry "ESP"]
[SourceTitle "Ajedrez en Madrid"]
[Source "lmi"]
[SourceDate "2024.03.11"]
[SourceVersion "1"]
[SourceVersionDate "2024.03.23"]
[SourceQuality "1"]

1. Nf3 d5 2. e3 Nf6 3. c4 e6 4. Nc3 Be7 5. b3 Nbd7 6. Bb2 O-O 7. d4 c6 8. Bd3
Qc7 9. Rc1 dxc4 10. Bxc4 Nb6 11. Bd3 Nbd5 12. O-O Nxc3 13. Bxc3 Nd5 14. Bb2 h6
15. Ne5 Bd6 16. Qh5 Bxe5 17. dxe5 Rd8 18. Bb1 Qe7 19. Rfd1 Bd7 20. h4 Be8 21.
Qg4 Rd7 22. Qe4 g6 23. h5 Qg5 24. hxg6 fxg6 25. f4 Qg3 26. Bd4 h5 27. Rf1 Qg4
28. Qf3 Qxf3 29. Rxf3 Rg7 30. e4 Ne7 31. Bc5 b6 32. Bd6 Bd7 33. b4 a5 34. b5 c5
35. a4 Rf8 36. Rcf1 Rff7 37. Bc7 Nc8 38. Bd8 Rh7 39. Ba2 Rf8 40. Bh4 Ne7 41.
Rd1 Nc8 42. Rxd7 Rxd7 43. Bxe6+ Rdf7 44. f5 Kg7 45. Bxf7 Rxf7 46. e6 Rf8 47.
f6+ Kg8 48. e7 1-0

[Event "Madrid ch Veteranos 2324"]
[Site "Madrid ESP"]
[Date "2024.03.21"]
[Round "9.10"]
[White "Alonso Abad, Enrique"]
[Black "Perez Pascual, Arturo"]
[Result "1-0"]
[WhiteElo "1939"]
[BlackElo "1710"]
[PlyCount "75"]
[EventDate "2024.03.11"]
[EventType "swiss"]
[EventRounds "9"]
[EventCountry "ESP"]
[SourceTitle "Ajedrez en Madrid"]
[Source "lmi"]
[SourceDate "2024.03.11"]
[SourceVersion "1"]
[SourceVersionDate "2024.03.23"]
[SourceQuality "1"]

1. d4 d5 2. Bf4 Bf5 3. e3 c6 4. c4 Qb6 5. Qb3 Qxb3 6. axb3 Na6 7. cxd5 Nb4 8.
dxc6 Nc2+ 9. Kd2 bxc6 10. Ra4 e6 11. Nc3 Nf6 12. f3 Nb4 13. e4 Bg6 14. Bc4 Be7
15. Nge2 O-O 16. Rha1 Rfd8 17. Bc7 Rd7 18. Ba5 c5 19. Bb5 Rb7 20. Bxb4 cxb4 21.
Bc6 bxc3+ 22. bxc3 Rab8 23. Bxb7 Rxb7 24. Rxa7 Rxa7 25. Rxa7 Kf8 26. b4 Ke8 27.
b5 Nd7 28. c4 e5 29. c5 Nxc5 30. Rxe7+ Kxe7 31. dxc5 Kd7 32. Kc3 f6 33. Kb3 Kc7
34. Nc3 Kb7 35. c6+ Kb8 36. Kb4 f5 37. b6 fxe4 38. Nxe4 1-0

[Event "Madrid ch Veteranos 2324"]
[Site "Madrid ESP"]
[Date "2024.03.21"]
[Round "9.12"]
[White "Gonzalez Rivera, Eduardo"]
[Black "Perez Hernandez, Alfonso"]
[Result "1-0"]
[WhiteElo "1999"]
[BlackElo "1795"]
[PlyCount "73"]
[EventDate "2024.03.11"]
[EventType "swiss"]
[EventRounds "9"]
[EventCountry "ESP"]
[SourceTitle "Ajedrez en Madrid"]
[Source "lmi"]
[SourceDate "2024.03.11"]
[SourceVersion "1"]
[SourceVersionDate "2024.03.23"]
[SourceQuality "1"]

1. e4 c5 2. Nf3 Nc6 3. d4 cxd4 4. Nxd4 Nf6 5. Nc3 e5 6. Nb3 Bb4 7. Bd3 d5 8.
exd5 Nxd5 9. O-O Nxc3 10. bxc3 Bxc3 11. Rb1 O-O 12. Qh5 g6 13. Qf3 Bb4 14. c3
Be7 15. Bh6 e4 16. Bxe4 Re8 17. Rfd1 Ne5 18. Qg3 Bd6 19. Rd4 Qe7 20. Rbd1 Bc7
21. Bg5 f6 22. Bf4 Kh8 23. h4 Bb6 24. Rb4 Ng4 25. Rf1 g5 26. hxg5 fxg5 27. Bd6
Qf7 28. Bf3 h5 29. Bxg4 Bxg4 30. Nd4 Rad8 31. Nf3 Bxf3 32. gxf3 Rxd6 33. Qxd6
Bc7 34. Qh6+ Kg8 35. Rb5 Bh2+ 36. Kxh2 Qf4+ 37. Kg2 1-0

[Event "Madrid ch Veteranos 2324"]
[Site "Madrid ESP"]
[Date "2024.03.21"]
[Round "9.13"]
[White "Vazquez Gonzalez, Jesus"]
[Black "Villares Galiano, Luis"]
[Result "1-0"]
[WhiteElo "1939"]
[BlackElo "1890"]
[PlyCount "59"]
[EventDate "2024.03.11"]
[EventType "swiss"]
[EventRounds "9"]
[EventCountry "ESP"]
[SourceTitle "Ajedrez en Madrid"]
[Source "lmi"]
[SourceDate "2024.03.11"]
[SourceVersion "1"]
[SourceVersionDate "2024.03.23"]
[SourceQuality "1"]

1. e4 c5 2. Bd3 Nc6 3. c3 d5 4. Nf3 Bg4 5. Qe2 Bxf3 6. Qxf3 Nf6 7. exd5 Qxd5 8.
Qxd5 Nxd5 9. Be4 e6 10. O-O Bd6 11. Na3 O-O 12. Nc4 Bc7 13. Ne3 Rad8 14. g3 f5
15. Bg2 f4 16. Nxd5 exd5 17. d3 g5 18. c4 dxc4 19. Bxc6 bxc6 20. dxc4 Be5 21.
Rb1 Kg7 22. b4 cxb4 23. Rxb4 Bd4 24. Rb7+ Kh6 25. g4 Kg6 26. Rc7 Rf6 27. Re1 f3
28. Ree7 Rfd6 29. h4 Bf6 30. h5+ 1-0

[Event "Madrid ch Veteranos 2324"]
[Site "Madrid ESP"]
[Date "2024.03.21"]
[Round "9.14"]
[White "Largo Barbero, Benito"]
[Black "Sanchez Peral, Pedro"]
[Result "1/2-1/2"]
[WhiteElo "1897"]
[BlackElo "1875"]
[PlyCount "40"]
[EventDate "2024.03.11"]
[EventType "swiss"]
[EventRounds "9"]
[EventCountry "ESP"]
[SourceTitle "Ajedrez en Madrid"]
[Source "lmi"]
[SourceDate "2024.03.11"]
[SourceVersion "1"]
[SourceVersionDate "2024.03.23"]
[SourceQuality "1"]

1. d4 Nf6 2. Bg5 d5 3. Nc3 Nbd7 4. e3 h6 5. Bh4 e6 6. a3 Be7 7. Bd3 b6 8. Bg3
O-O 9. Nf3 Bb7 10. Ne5 c5 11. f3 Rc8 12. h4 cxd4 13. exd4 Nxe5 14. dxe5 Nd7 15.
Qe2 Nc5 16. Rd1 Nxd3+ 17. Qxd3 Qc7 18. Rd2 Qc4 19. Qxc4 Rxc4 20. Nd1 Rfc8
1/2-1/2

[Event "Madrid ch Veteranos 2324"]
[Site "Madrid ESP"]
[Date "2024.03.21"]
[Round "9.15"]
[White "Serrano Garcia, Vicente"]
[Black "Moreno Torrero, Javier"]
[Result "1/2-1/2"]
[WhiteElo "1836"]
[BlackElo "1911"]
[PlyCount "76"]
[EventDate "2024.03.11"]
[EventType "swiss"]
[EventRounds "9"]
[EventCountry "ESP"]
[SourceTitle "Ajedrez en Madrid"]
[Source "lmi"]
[SourceDate "2024.03.11"]
[SourceVersion "1"]
[SourceVersionDate "2024.03.23"]
[SourceQuality "1"]

1. d4 d5 2. Nf3 e6 3. Bf4 c5 4. e3 Nc6 5. c3 Bd6 6. Bxd6 Qxd6 7. Bd3 Nf6 8.
Nbd2 O-O 9. O-O e5 10. dxe5 Nxe5 11. Nxe5 Qxe5 12. Nf3 Qh5 13. h3 Re8 14. Nh2
Qe5 15. Nf3 Qe7 16. Re1 Bd7 17. c4 Bc6 18. b3 Rad8 19. Qe2 d4 20. Rad1 dxe3 21.
fxe3 Ne4 22. Qc2 f5 23. Bxe4 Bxe4 24. Qe2 h6 25. Nd2 Bd3 26. Qf2 b6 27. Nf1 g6
28. Ng3 Rd7 29. Rd2 Red8 30. Red1 Qh4 31. Qf4 Qxf4 32. exf4 Kf7 33. Kf2 Rd4 34.
Kf3 Ke6 35. Ke3 Be4 36. Nxe4 Rxe4+ 37. Kf3 Rxd2 38. Rxd2 Kf7 1/2-1/2